Stranger Things Episode Quiz - Statistics

General Stats
  • This quiz has been taken 2,841 times
    688 since last reset
  • The average score is 24 of 42
Answer Stats
Season Episode # Episode Title % Correct
Season 1 1 The Vanishing of Will Byers
86%
8 The Upside Down
78%
8 The Battle of Starcourt
71%
8 The Rightside Up
71%
2 The Vanishing of Holly Wheeler
71%
Season 2 1 MADMAX
70%
8 The Mind Flayer
64%
4 Dear Billy
63%
Season 5 1 The Crawl
62%
3 Holly, Jolly
61%
Season 3 1 Suzie Do You Copy?
61%
9 The Gate
61%
2 The Weirdo on Maple Street
61%
Season 4 1 The Hellfire Club
59%
7 The Lost Sister
59%
8 Papa
57%
4 Sorcerer
57%
9 The Piggyback
57%
2 Vecna's Curse
56%
4 The Body
55%
5 The Flea and the Acrobat
55%
2 Trick or Treat, Freak
55%
2 The Mall Rats
54%
7 The Massacre at Hawkins Lab
54%
6 The Monster
54%
5 Shock Jock
53%
4 The Sauna Test
52%
3 The Turnbow Trap
52%
7 The Bathtub
51%
4 Will the Wise
51%
6 Escape from Camazotz
50%
7 The Bridge
50%
5 The Nina Project
50%
6 The Spy
50%
5 Dig Dug
48%
5 The Flayed
48%
3 The Pollywog
48%
3 The Case of the Missing Lifeguard
47%
7 The Bite
44%
6 E Pluribus Unum
43%
6 The Dive
41%
3 The Monster and the Superhero
41%
No matching quizzes found
Score Distribution
Percent of People with Each Score
Percentile by Number Answered
Your Score History
You have not taken this quiz since the last reset